00161nam a22000737a 45001000032000002450031000323000007000639990017000701 aGómez Cerda, José9858310aÁfrica social y cultural aCD c58239d58239